00716nam a22002297a 450000500170000001000130001702000220003003500130005203700160006504000120008108200110009310000240010424500460012826000310017427000110020530000200021665000650023665000280030194200200032999900190034995201180036820170124110126.0 aA-285308 c00.00a0593010329 aA-285308 bCen Lib/Ret aDPLbEN aNbIRE aIreland, Ann931459 aA certain Mr. Takahashi /cby Ann Ireland bBantam PressaLondonc1986 bLondon a206p.c22cm(Hb) aFiction in English -- Canadian writers, 1945- - Texts931460 aCanadian fiction931461 2ddccENhNmIRE c131317d131317 00104070aLbLd2015-07-14eCen Lib/Retg0.00l0oN IREpA-285308r2015-07-14 00:00:00t1v0.00w2015-07-14yEN